Name a Valid Country by Flag Color - Statistics

General Stats
  • This quiz has been taken 782 times
  • The average score is 9 of 17
Answer Stats
Colors Answer % Correct
Blue, Red, White Australia | Cambodia | Chile | Costa Rica | Cuba | + 19 others
100%
Red, White Austria | Bahrain | Canada | Denmark | Georgia | + 10 others
98%
Green, Red, White Algeria | Belarus | Bulgaria | Burundi | Hungary | + 6 others
84%
Blue, White Finland | Greece | Honduras | Israel | Micronesia | Somalia
75%
Green, Red, Yellow Benin | Bolivia | Burkina Faso | Cameroon | + 7 others
74%
Blue, Red, Yellow Armenia | Chad | Colombia | + 3 others
70%
Blue, Yellow Kazakhstan | Palau | Sweden | Ukraine
69%
Green, White Nigeria | Pakistan | Saudi Arabia
63%
Red, Yellow China | Kyrgyzstan | North Macedonia | Vietnam
62%
Black, Red, Yellow Angola | Belgium | Germany
51%
Black, Green, Red, White Iraq | Jordan | Kenya | Kuwait | Libya | + 3 others
46%
Blue, White, Yellow Argentina | Bosnia and Herzegovina | Kosovo | + 3 others
37%
Blue, Green, Red, White, Yellow Central African Republic | Comoros | Namibia | Seychelles
33%
Black, Green, Red, Yellow Ghana | Guinea-Bissau | São Tomé and Príncipe | + 2 others
23%
Green, Red, White, Yellow Myanmar | Suriname | Tajikistan | Togo | Turkmenistan
18%
Blue, Red, White, Yellow Cape Verde | Kiribati | Malaysia | Philippines
15%
Blue, Green, Red, White Azerbaijan | Djibouti | Gambia | Uzbekistan
12%
No matching quizzes found
Score Distribution
Percent of People with Each Score
Percentile by Number Answered
Your Score History
You have not taken this quiz